000
00263nam a22001217a 4500
008
171010b xxu||||| |||| 00| 0 eng d
041
_a
eng
080
_a
316
100
_a
50
101
_a
SOC
245
_a
THE EVOLUTION OF RACISM
_c
SHIPMAN, P
942
_2
udc
_c
BK
999
_c
32747
_d
32747